000 00789nam a22003137a 4500
005 20251024184500.0
008 170321s2008 xxu||||| |||| 00| 0 por d
020 _a9788493088729
041 _aPOR
041 _aESP
082 _a469.824 F866n
100 _aFreire-Nunes, Irène
_941416
100 _aDe Luna, José-Luis
_941417
245 _aEl nuevo portugués sin esfuerzo
260 _aEspaña
260 _bEdiciones Assimil
260 _c2008
300 _a487 páginas
490 _aTemática General
505 _aContiene disco compacto N° 768.
650 _aPORTUGUÉS
650 _aENSEÑANZA
650 _aCONJUNCIONES
650 _aCONJUGACIONES
650 _aFORMA PROGRESIVA
650 _aFUTURO PERFECTO
942 _cBK
_2ddc
999 _c9097
_d9097